| 000 | 00561nam a22001937a 4500 | ||
|---|---|---|---|
| 008 | 230504b |||||||| |||| 00| 0 eng d | ||
| 020 | _a81-7236-030-4 | ||
| 040 |
_aNational Science Library _cNational Science Library |
||
| 080 |
_a678:087.6 _bN2;1 |
||
| 100 |
_aJawadekar, Subodh _98298 |
||
| 245 | _aPlastic feast | ||
| 260 |
_aNew Delhi: _bPublications & Information Directorate, _c1992 |
||
| 300 | _a96p. | ||
| 365 |
_b15.00 _cINR |
||
| 490 | _aCSIR golden jubilee series | ||
| 650 | _aIndustries | ||
| 653 | _aChewing gum | ||
| 942 |
_2udc _cREF |
||
| 999 |
_c27052 _d27052 |
||